|
|
|
|
| LEADER |
00000cam a2200000 a 4500 |
| 001 |
105323-4 |
| 003 |
Ucuenca |
| 005 |
20231028063149.0 |
| 008 |
007030|1996 mx |||||r|||||||||||spa|| |
| 020 |
|
|
|a 968-7478-00-4 (Obra completa)
|
| 020 |
|
|
|a 968-7478-04-7 (Volumen 4)
|
| 040 |
|
|
|b spa
|
| 041 |
0 |
|
|a spa
|
| 082 |
0 |
|
|a 720.3
|
| 100 |
1 |
|
|9 34364
|a Plazola Cisneros, Alfredo
|
| 245 |
|
|
|a Enciclopedia de arquitectura Plazola: D-E
|c Alfredo Plazola Cisneros, Alfredo Plazola Anguiano y Guillermo Plazola Anguiano
|h imp
|n tomo 4
|
| 264 |
|
|
|a México
|b Plazola
|c 1996
|
| 300 |
|
|
|a 656 páginas:
|b ilu
|c 30 cm
|
| 650 |
|
0 |
|a Discotecas
|9 120284
|
| 650 |
|
0 |
|a Escuelas
|9 33917
|
| 650 |
|
0 |
|a Estacionamientos
|9 33269
|
| 650 |
|
0 |
|a Enciclopedia de arquitectura
|9 33293
|
| 650 |
|
7 |
|a Arquitectura
|9 5671
|
| 700 |
1 |
|
|a Plazola Anguiano, Guillermo
|9 56612
|
| 700 |
1 |
|
|9 37585
|a Plazola Anguiano, Alfredo
|
| 852 |
|
|
|a UC-CDJBV
|f Compra
|l 1
|m Limitada
|p 20070307
|q 140,00
|r 2
|t 105323-4
|y 257677
|b 1
|d CDRC
|e CDRC
|g 720.3 SEGUNDO PISO
|z 2007-70-30
|
| 942 |
|
|
|c BK
|2 ddc
|z sergio.cajamarca@ucuenca.edu.ec
|
| 999 |
|
|
|c 124347
|d 124347
|